01576cam a2200361 a 45000010009000000050017000090080041000260200038000670200035001050200025001400200022001650400062001870820022002492450096002712500012003672600073003793000034004524900043004865000084005295040051006136500029006646500022006936500026007156530022007416550024007637000041007878300044008289060045008729420008009179990017009259520136009429520136010781606752320150322114705.0100125s2010 enka 001 0 eng  a9780566088759 (hbk. : alk. paper) a0566088754 (hbk. : alk. paper) a9781409401230 (ebk.) a1409401235 (ebk.) aDLCcDLCdYDXdYDXCPdBTCTAdBWKdUKMdCDXdDLCdEG-ScBUE00a658.4083222bMAK00aMaking ecopreneurs :bdeveloping sustainable entrepreneurship /cedited by Michael Schaper. a2nd ed. aFarnham, England ;aBurlington, VT :bGower / Ashgate Pub.,cc.2010. axix, 321 p. :bill. ;c26 cm.1 aCorporate social responsibility series aRev. ed. of: Making ecopreneurs : developing sustainable entrepreneurship. 2005 aIncludes bibliographical references and index. 0aSustainable development. 0aEntrepreneurship. 0aEnvironmental ethics. bBUSADMcMarch2015 vreading book9342321 aSchaper, Michaelc(Professor)934853 0aCorporate social responsibility series. a7bcbccorignewd1eecipf20gy-gencatlg 2ddc c19088d19060 00102ddc40708BaccahaMAINbMAINc1STd2015-03-22epurchaseg790.00l0o658.4083 MAKp000037676r2025-07-15 00:00:00v988.00yBB 00102ddc40708BaccahaMAINbMAINc1STd2015-03-22epurchaseg790.00l0o658.4083 MAKp000037677r2025-07-15 00:00:00v988.00yBB